Artilugios para fascinar : colección Basilio Martín Patino /

Kaydedildi:
Detaylı Bibliyografya
Yazar: Frutos Esteban, Francisco Javier (autor)
Materyal Türü: Kitap
Dil:İspanyolca
Baskı/Yayın Bilgisi: Valladolid, España : Salamanca, España : Junta de Castilla y León ; Ayuntamiento de Salamanca, 1999, c1999
Konular:
Etiketler: Etiketle
Etiket eklenmemiş, İlk siz ekleyin!

MARC

LEADER 00000nam^a2200000^a^4500
001 000152719
005 20250521000000.0
009 20260310100255.318
020 |a 84-7846-897-8 
037 |a Acervo ITESO - Biblioteca 
041 |a ESP 
082 |a 708. 94625  |b FRU 
100 |a Frutos Esteban, Francisco Javier  |e (autor) 
245 1 0 |a Artilugios para fascinar :  |b colección Basilio Martín Patino /  |c F.J Frutos Esteban ; presen. de Julián Lanzarote Sastre. 
264 4 |a Valladolid, España :  |b Junta de Castilla y León ;  |a Salamanca, España :  |b Ayuntamiento de Salamanca,  |c 1999, c1999 
300 |a 134 p. 
336 |a texto  |b txt  |2 rdacontenido 
337 |a sin mediación  |b n  |2 rdamedio 
338 |a volumen  |b nc  |2 rdasoporte 
649 |a XX 
650 |a Cine -  |x Equipo y Aparatos 
650 |a Cine -  |x Historia y Crítica 
650 |a Museos y galerías -  |z Salmanca, Eapaña -  |x Exposiciones 
650 |a Museos y Galerías -  |z Salamanca, España -  |x Colecciones 
650 |a Museos y Galerías -  |z Salamanca, España -  |x Catálogos 
650 |a Museos y galerías -  |z España -  |x Exposiciones 
650 |a Museos y Galerías -  |z España -  |x Colecciones 
650 |a Museos y Galerías -  |z España -  |x Catálogos 
650 |a Arte -  |x Exposiciones 
650 |a Arte -  |x Colecciones 
650 |a Arte -  |x Catálogos 
910 |a Fondo General 
920 |a Impresos - Libros 
930 |a Colección General 
905 |a 101 
901 |a 0500081980  |b IT1  |c ACC  |u 20250521 
902 |a https://opac.biblio.iteso.mx/vufind/Record/000152719